| 000 | 00861cam a2200265 a 4500 | ||
|---|---|---|---|
| 001 | 582165 | ||
| 003 | GBCCL | ||
| 005 | 20241126110359.0 | ||
| 008 | 900614s1990 caua 000 0 eng | ||
| 010 | _a 90041698 | ||
| 020 | _a0898402891 (pbk.) | ||
| 040 |
_aDLC _cDLC _dDLC |
||
| 050 | 0 | 0 |
_aBV4596.A25 _bL57 1990 |
| 082 | 0 | 0 |
_a248.86 _220 _bLIT |
| 100 | 1 |
_aLittauer, Fred. _92598 |
|
| 245 | 1 | 4 |
_aThe promise of restoration / _cFred Littauer. |
| 260 |
_aSan Bernardino, CA : _bHere's Life Publishers, _cc1990. |
||
| 300 |
_a295 p. : _bill. ; _c21 cm. |
||
| 650 | 0 |
_aAdult child abuse victims _xReligious life. _92599 |
|
| 650 | 0 |
_aChristian life. _9183 |
|
| 650 | 0 |
_aConsolation. _9348 |
|
| 906 |
_a7 _bcbc _corignew _d1 _eocip _f19 _gy-gencatlg |
||
| 942 |
_2ddc _cBK _01 |
||
| 999 |
_c1328 _d1328 |
||